A Woman's mind is longer than a kitchen spoon : (Record no. 2020)

MARC details
000 -LEADER
fixed length control field 006700000a22001810004500
008 - FIXED-LENGTH DATA ELEMENTS--GENERAL INFORMATION
fixed length control field 230817t ||||| |||| 00| 0 eng d
082 ## - DEWEY DECIMAL CLASSIFICATION NUMBER
Classification number 305.409
Item number WOM
942 ## - ADDED ENTRY ELEMENTS (KOHA)
Item Type Reports
700 ## - ADDED ENTRY--PERSONAL NAME
Personal name Risseeuw, Carla
700 ## - ADDED ENTRY--PERSONAL NAME
Personal name Postel, Els
Relator Term editor
700 ## - ADDED ENTRY--PERSONAL NAME
Personal name Schrijvers, Joke
Relator Term editor
245 ## - TITLE STATEMENT
Title A Woman's mind is longer than a kitchen spoon :
Sub Title report on women in Sri Lanka
260 ## - PUBLICATION, DISTRIBUTION, ETC. (IMPRINT)
Place of Publication Leiden:
Name of Publisher Research Project Women and Development,
Date of Copyright 1980
260 ## - PUBLICATION, DISTRIBUTION, ETC. (IMPRINT)
Place of Publication Colombo:
Name of Publisher National Institute of Business Management,
Date of Copyright 1980
300 ## - PHYSICAL DESCRIPTION
Extent iii, 146 p., 6 unnumbered pages of plates : ill. ; 21 cm
Physical Details Bibliography included
650 ## - SUBJECT ADDED ENTRY--TOPICAL TERM
Topical Term Status of women- Sri Lanka
650 ## - SUBJECT ADDED ENTRY--TOPICAL TERM
Topical Term Women- Sri Lanka
Holdings
Withdrawn status Lost status Damaged status Not for loan Permanent location Current location Date acquired Total Checkouts Full call number Barcode Date last seen Price effective from Koha item type
        Resource center, Muslim Women's Research And Action Forum Resource center, Muslim Women's Research And Action Forum 2023-08-17   305.409 WOM RAF4292 2023-08-17 2023-08-17 Reports

Copyright © 2023 Muslim Women's Research and Action Forum (MWRAF), No 27/3, Anderson Road, Kalubowila, Dehiwela. Funded by The Asia Fundation